Fußball-Vereine A-Z - Statistiken

Allgemein
  • Dieses Quiz wurde 389 mal gespielt
  • Das Durchschnittsergebnis liegt bei 16 aus 26
Antwortstatistiken
Hinweis Farben Antwort % Korrekt
B Westfälischer Bundesligist, welcher 2011 und 2012 mit Trainer Jürgen Klopp Deutscher Meister werden konnte Schwarz-Gelb Borussia Dortmund
100%
A Niederländischer Rekordmeister, welcher um Johann Cruyff Anfang der 70er dreimal hintereinander den Europapokal der Landesmeister gewann Rot-Weiß Ajax Amsterdam
96%
C Von irischen Immigranten gegründeter Verein in Schottland, welcher eine innige Rivalität mit den Rangers pflegt Grün-Weiß Celtic Glasgow
92%
J Italienischer Rekordmeister, welcher auch als "Alte Dame" und "Bianconeri" bekannt ist Schwarz-Weiß Juventus Turin
87%
F Verein der Türkei aus dem asiatischen Teil Istanbuls mit großer Rivalität zu Galatasaray, 28x türkischer Meister Gelb-Blau Fenerbahçe Istanbul
84%
H Dieser Norddeutsche Traditionsverein hat die Raute als Emblem und wird auch Rothosen genannt Blau-Weiß-Rot Hamburger SV
84%
I Dieser Verein in der amerikanischen MLS ist vor allen Dingen durch seinen Spieler Lionel Messi bekannt Pink Inter Miami
80%
R Diese auch als Weißes Ballett bekannte Mannschaft aus Spanien ist die erfolgreichste Mannschaft der Champions-League-Geschichte Weiß Real Madrid
77%
M Bundesliga-Gründungsmitglied, welcher auch als Zebras bekannt ist und zurzeit in der 3. Liga spielt Blau-Weiß MSV Duisburg
76%
D Erfolgreichter Verein der Ukraine mit 16 ukrainischen und 13 sowjetischen Meistertiteln Blau-Weiß Dynamo Kyiv
75%
L Dieser auch als Foxes bekannte Verein wurde 2016 überraschend als Abstiegskandidat Englischer Meister Blau-Weiß Leicester City
74%
S 17x portugiesischer Meister, der auch wegen seiner Jugendarbeit, die Spieler wie Christiano Ronaldo und Luis Figo hevorbrachte bekannt ist Grün-Weiß Sporting CP
74%
N Nordenglischer, im St. James Park spielender Verein, welcher 2021 vom Saudischen Staatsfond gekauft wurde Schwarz-Weiß Newcastle United
68%
Y Im Wankdorf-Stadion spielender amtierender Schweizer Meister, der diesen Titel bereits 16 mal holen konnte Gelb-Schwarz Young Boys
59%
O Verein aus der Rhone-Region, der in den 00er Jahren die französische Liga dominierte Blau-Weiß-Rot Olympique Lyon
58%
U Italienischer Erstligist aus Friaul, der 2000 UI-Cup-Sieger wurde und mit dem Oliver Bierhoff 1998 Torschützenkönig wurde Schwarz-Weiß Udinese Calcio
58%
E Lausitzer Fußballverein, der im Stadion der Freundschaft spielt und in den 00er-Jahren einige Saisons in der Bundesliga antreten konnte Rot-Weiß Energie Cottbus
51%
Q Londoner Zweitligist mit charakteristischem Querstreifen-Trikot, auch als Super-Hoops bekannt Blau-Weiß Queens Park Rangers
51%
T Erfolgreichster türkischer Fußballverein außerhalb Istanbuls an der Schwarzmeerküste, welcher zuletzt 2022 Meister werden konnte Blau-Rot Trabzonspor
44%
G Französischer Zweitligist aus Aquitanien, der 6x Meister werden konnte (zuletzt 2009) Blau-Weiß Girondins Bordeaux
43%
V Verein aus Böhmen, der seit 2011 sechsmal tschechischer Meister werden konnte Rot-Blau Viktoria Pilsen
43%
K Fußballverein aus Ostflandern, der 2015 belgischer Meister wurde und ein Bild Buffalo Bills als Emblem hat Blau-Weiß KAA Gent
37%
Z Als Armee-Club gegründeter Bulgarischer Rekordmeister (31 Titel), mit dem Christo Stoitschkow 1990 den Goldenen Schuh gewinnen konnte Rot-Weiß ZSKA Sofia
32%
P Verein aus Sao Paulo, welcher 2020 und 2021 den Copa Libertadores gewinnen konnte Grün-Weiß Palmeiras Sao Paulo
28%
X Schweizer Zweitligist aus dem französischsprachigem Landesteil, welcher 1987 und 1988 Meister werden konnte (Wort mit X ist dem Städtename angehangen) Rot-Schwarz Neuchâtel Xamax
22%
W Mannschaft aus dem Süden Polens, welche 13x Meister werden konnte, das letzte Mal 2011. Stieg letztes Jahr in die 2. Liga ab Rot-Weiß-Blau Wisła Krakau
20%
Keine übereinstimmenden Quizze gefunden
Verteilung der Resultate
Anzahl Personen mit jedem Resultat
Perzentil nach korrekt beantworteten Fragen
Ihre Resultats-Entwicklung
Sie haben dieses Quiz noch nicht gespielt